Encouraging environmentally sustainable growth in Denmark

Salvato in:
Dettagli Bibliografici
Autore principale: O'Brien, Paul
Altri autori: Hoj, Jens
Natura: Libro
Lingua:inglese
Pubblicazione: Paris OECD-Economics Department 2001
Serie:Working Papers No. 277
Soggetti:
Tags: Aggiungi Tag
Nessun Tag, puoi essere il primo ad aggiungerne!!

MARC

LEADER 00000nam a2200000 4500
001 c125102
005 20221221091450.2
041 0 |a eng 
044 |a FR 
245 1 0 |a Encouraging environmentally sustainable growth in Denmark  |c by Paul O'Brien and Jens Hoj 
264 1 |a Paris  |b OECD-Economics Department  |c 2001 
300 |a 36 s. 
490 1 |a Working Papers  |v No. 277 
830 0 |a Working Papers  |v No. 277 
610 2 0 |a prostredie životné 
610 2 0 |a politika environmentálna 
610 2 0 |a ochrana prostredia životného 
610 2 0 |a voda 
610 2 0 |a poľnohospodárstvo 
610 2 0 |a dane 
610 2 0 |a energia 
610 2 0 |a plyn 
610 2 0 |a doprava 
610 2 0 |a Dánsko 
610 2 0 |a OECD 
100 1 |a O'Brien, Paul 
700 1 |a Hoj, Jens